| 000 | 00347nam a2200157Ia 4500 | ||
|---|---|---|---|
| 008 | 230917s9999||||xx |||||||||||||| ||und|| | ||
| 020 | _cPS8 | ||
| 040 |
_e17363 _aMAIN |
||
| 041 | _aEnglish | ||
| 082 | _a333.912 C392W | ||
| 100 | _aChaturvedi, M C | ||
| 245 | 0 | _aWater | |
| 260 |
_aDelhi _bMacmillan _c1976 |
||
| 300 | _avi,94 p. | ||
| 942 | _cBK | ||
| 999 |
_c51015 _d51015 |
||